Solid-phase extraction : principles and practice /
Solid Phase Extraction (SPE) is a method of preparing samples for analysis. The technique involves purifying and concentrating a sample using a disposable column. This book explains how solid-phase extraction works and provides detailed applications of SPE in clinical, environmental, and natural pro...
Saved in:
| Main Author: | |
|---|---|
| Other Authors: | |
| Format: | Book |
| Language: | English |
| Published: |
New York :
Wiley,
c1998.
|
| Series: | Chemical analysis ;
v. 147. |
| Subjects: | |
| Tags: |
Add Tag
No Tags, Be the first to tag this record!
|
| LEADER | 02236cam a22003618a 4500 | ||
|---|---|---|---|
| 001 | 007727675-2 | ||
| 005 | 20020606104010.5 | ||
| 008 | 970620s1998 nyua b 001 0 eng | ||
| 010 | |a 97027535 | ||
| 020 | |a 047161422X (cloth : alk. paper) | ||
| 035 | 0 | |a ocm37226921 | |
| 040 | |a DLC |c DLC |d DLC | ||
| 050 | 0 | 0 | |a QD63.E88 |b T58 1998 |
| 060 | 4 | |a QD 63.E88 T58 1998 | |
| 082 | 0 | 0 | |a 543/.0892 |2 21 |
| 100 | 1 | |a Thurman, E. M. |q (Earl Michael), |d 1946- | |
| 245 | 1 | 0 | |a Solid-phase extraction : |b principles and practice / |c E.M. Thurman, M.S. Mills. |
| 260 | |a New York : |b Wiley, |c c1998. | ||
| 300 | |a xxvi, 344 p. : |b ill. ; |c 24 cm. | ||
| 490 | 1 | |a Chemical analysis ; |v v. 147 | |
| 500 | |a A Wiley-Interscience publication." | ||
| 504 | |a Includes bibliographical references and index. | ||
| 505 | 0 | 0 | |g Ch. 1. |t Overview of Solid-Phase Extraction -- |g Ch. 2. |t Theory of Sorption and Isolation -- |g Ch. 3. |t Methods Development -- |g Ch. 4. |t Reversed-Phase Solid-Phase Extraction -- |g Ch. 5. |t Normal-Phase Solid-Phase Extraction -- |g Ch. 6. |t Ion-Exchange Solid-Phase Extraction -- |g Ch. 7. |t Environmental Analysis -- |g Ch. 8. |t Drugs and Pharmaceuticals -- |g Ch. 9. |t Food and Natural Products -- |g Ch. 10. |t Automation of Solid-Phase Extraction -- |g Ch. 11. |t Solid-Phase Extraction Disks -- |g Ch. 12. |t New Technology in Solid-Phase Extraction -- |g App. |t Solid-Phase Extraction on the Internet and Product Guide. |
| 520 | |a Solid Phase Extraction (SPE) is a method of preparing samples for analysis. The technique involves purifying and concentrating a sample using a disposable column. This book explains how solid-phase extraction works and provides detailed applications of SPE in clinical, environmental, and natural product chemistry. | ||
| 650 | 0 | |a Extraction (Chemistry) | |
| 650 | 2 | |a Chemistry Techniques, Analytical. | |
| 650 | 2 | |a Solid Phase Extraction |x methods. | |
| 700 | 1 | |a Mills, M. S. | |
| 776 | 0 | 8 | |i Online version: |a Thurman, E.M. (Earl Michael), 1946- |t Solid-phase extraction. |d New York : Wiley, c1998 |w (OCoLC)610147257 |
| 776 | 0 | 8 | |i Online version: |a Thurman, E.M. (Earl Michael), 1946- |t Solid-phase extraction. |d New York : Wiley, ©1998 |w (OCoLC)610147257 |
| 830 | 0 | |a Chemical analysis ; |v v. 147. | |
| 988 | |a 20020608 | ||
| 906 | |0 DLC | ||


